Online
Catalog

Ulises / : (Record no. 4181)

MARC details
000 -CABECERA
campo de control de longitud fija 00609cam a2200205 a 4500
001 - NÚMERO DE CONTROL
campo de control 000004372
005 - FECHA Y HORA DE LA ÚLTIMA TRANSACCIÓN
campo de control 20200929151431.0
008 - DATOS DE LONGITUD FIJA--INFORMACIÓN GENERAL
campo de control de longitud fija 830303s1949 mx 000 f spa
040 ## - FUENTE DE LA CATALOGACIÓN
Centro catalogador/agencia de origen DO-SdBNP
Lengua de catalogación spa
Centro/agencia transcriptor BNPHU
041 17 - CÓDIGO DE LENGUA
Código de lengua del texto/banda sonora o título independiente spa
Código de lengua original eng
082 ## - NÚMERO DE LA CLASIFICACIÓN DECIMAL DEWEY
Número de clasificación 891.62
Número de documento/Ítem U39J
100 1# - ENTRADA PRINCIPAL--NOMBRE DE PERSONA
Nombre de persona Joyce, James,
Fechas asociadas al nombre 1882-1941.
9 (RLIN) 12877
240 10 - TÍTULO UNIFORME
Título uniforme Ulysses.
Lenguaje de la obra Español
245 10 - MENCIÓN DE TÍTULO
Título Ulises / :
Resto del título James Joyce ; tradución, J. Salas Subirat.
260 ## - PUBLICACIÓN, DISTRIBUCIÓN, ETC.
Lugar de publicación, distribución, etc. México :
Nombre del editor, distribuidor, etc. Diana,
Fecha de publicación, distribución, etc. 1949.
300 ## - DESCRIPCIÓN FÍSICA
Extensión 833 p. ;
Dimensiones 20 cm.
650 #4 - PUNTO DE ACCESO ADICIONAL DE MATERIA--TÉRMINO DE MATERIA
Término de materia o nombre geográfico como elemento de entrada Novela irlandesa
9 (RLIN) 11511
650 #4 - PUNTO DE ACCESO ADICIONAL DE MATERIA--TÉRMINO DE MATERIA
Término de materia o nombre geográfico como elemento de entrada Literatura irlandesa
9 (RLIN) 11512
700 1# - PUNTO DE ACCESO ADICIONAL--NOMBRE DE PERSONA
Nombre de persona Salas Subirat, J.,
Término indicativo de función/relación tr.
9 (RLIN) 12878
Holdings
Estado de retiro Estado de pérdida Restricciones de uso No para préstamo Código de colección Localización permanente Ubicación/localización actual Ubicación en estantería Fecha de adquisición Número de inventario Total de préstamos Signatura topográfica completa Código de barras Fecha visto por última vez Número de copia Precio válido a partir de Tipo de ítem Koha
    Préstamo restringido Préstamo restrigido Monografías: Libros y Folletos General General En catalogación 21.07.2009 LF1   891.62 U39J 4372-10 25.06.2020 e.2 25.06.2020 Préstamo interno

Powered by Koha